MDQL
is popping MORE tags! Check the
thread
!
Quizzes
Events
Quiz Creation
Community
Videos
Private Events
Remove Ads
Sign In
Join for FREE
Feedback
Dark Mode
Quiz Categories
Sports
Geography
Music
Movies
Television
Just For Fun
Miscellaneous
History
Literature
Language
Science
Gaming
Entertainment
Religion
Holiday
For Kids
Quiz Lab
Recent
Popular Today
Quiz Kudos Today
Editor Picks
Curator Picks
Quizzes by...
Day
Popularity
Type
Ratings
Length
Year
Community
Subscriptions
Recent Discussions
Orange Saloon
Badges
Playlists
Quests
Create
Leaderboards
Showdown
Live 5
Trivia Bingo
Activity
Puzzle Library
Sporcle Events
Private Events
Virtual Trivia
Globe League
Become a Host
Pub Owners
SporcleCon
Opinionation
Our Games
Videos
Blog
Mobile Apps
Partnerships
Remove Ads and Go Orange
Feedback
Sports
Athletes
MLB
NBA
NHL
NFL
Soccer
Sports Teams
WWE
NCAA
Football
Premier League
Basketball
Baseball
Hockey
Golf
Tennis
Cricket
Rugby
Auto Racing
Olympics
World Cup
Sports
Athletes
MLB
NBA
NHL
NFL
Soccer
Sports Teams
WWE
NCAA
Football
Premier League
Basketball
Baseball
Hockey
Golf
Tennis
Cricket
Rugby
Auto Racing
Olympics
World Cup
Random Quiz
Search Sporcle
×
Quiz Lab
Quiz Lab
Sports
Hockey
Type in answers that appear in a list
Type in answers that appear in a list
Classic
Best Score? Go Orange.
2021-22 AHL Teams Stats
Can you name the teams in the American Hockey League for 2021-22?
By
theahl
4m
31 Questions
1,014 Plays
1,014 Plays
1,014 Plays
Comments
Comments
Give Quiz Kudos
Give Quiz Kudos
-
- Ratings
hide this ad
Replay
Link that replays current quiz
Next Quiz
Link to next quiz in quiz playlist
You Got
0%
They Got
Avg Score
69%
Avg Friend Score
Upgrade to see
Score Distribution
Jump to the score distribution portion of the page
Score
0/31
Timer
04:00
0
Plays Today
Team
% Correct
Hershey Bears
81.9%
Manitoba Moose
78.5%
Abbotsford Canucks
78.4%
Stockton Heat
78.4%
Texas Stars
77.6%
Chicago Wolves
77.1%
Utica Comets
76.6%
Wilkes-Barre/Scranton Penguins
76%
Charlotte Checkers
75.3%
Toronto Marlies
74.7%
Henderson Silver Knights
74.5%
Lehigh Valley Phantoms
73.9%
Providence Bruins
72.7%
Rochester Americans
71.7%
Bridgeport Islanders
71.4%
Bakersfield Condors
71.3%
Team
% Correct
San Diego Gulls
71.3%
Hartford Wolf Pack
70.8%
Laval Rocket
70.8%
San Jose Barracuda
70.8%
Belleville Senators
70.1%
Syracuse Crunch
69.3%
Cleveland Monsters
69.1%
Iowa Wild
65.2%
Rockford IceHogs
65.2%
Ontario Reign
64.8%
Tucson Roadrunners
64.2%
Grand Rapids Griffins
63.5%
Milwaukee Admirals
62.6%
Colorado Eagles
61.9%
Springfield Thunderbirds
61.5%
Quiz Playlist
Details
Report
Send in Message
Add To Playlist
Classic:
Type in answers that appear in a list
Quiz Source
Last Updated: Aug 28, 2021
Quiz Scoreboard
CHALLENGE
Sign Up to Join the Scoreboard
Show All
Scores
Hide
Comments
May contain spoilers
Recently Published
1-10 Letter E Words III
by El_Dandy
Language
2m
Street Fighter Characters
by Artimus82
Gaming
60s
College Basketball Coaching Resumes
by pancakes188
Sports
9m
More to Explore
Quiz From the Vault
Featured Blog Post
Where Did the Easter Bunny Come From?
hide this ad
You Might Also Like...
Tags
Hockey Quiz
Sports Teams Quiz
AHL
League
Today's Top Quizzes in Sports
Browse Sports
hide this ad
Today's Top Quizzes in Hockey
Browse Hockey
Top Contributed Quizzes in Sports
1
2022 World Cup Stars
2
Les meilleurs buteurs des matchs entre le PSG et l’OM
3
FIFA Club World Cup Champions
4
Les entraîneurs de l'OM et du PSG au 21e siècle
5
Criteria MLB: Left Handed Sluggers
6
2023 MLB Unique Player Accomplishments
7
AFC Teams Reveal (Wrong Answers Minefield)
8
Players with Multiple 50 Home Run Seasons
9
5-to-1: FBS Animal Nicknames
10
5-to-1: UK Sports Teams
Explore More
Trending Topics
Harry Potter
Crossword
NBA
Disney
Marvel
Anime
Kpop
NFL
Pokémon
Puzzle
The Office
Country
Soccer
WWE
Song
hide this ad
More By:
theahl
Quiz
Plays
Rating
Category
Featured
Created
AHL Team Nicknames
21,192
4.53
Sports
Aug 5, 2010
AHL Team Nicknames (clickable)
4,047
3.00
Sports
Dec 21, 2012
2014 Calder Cup Champions
187
Sports
Jun 19, 2014
2012 Calder Cup Champions
86
Sports
Jul 6, 2012
2013 Calder Cup Champions
42
Sports
Aug 28, 2013
Go to Creator's Profile
Score Distribution
Quiz Creator Spotlight
theahl
Follow
Send a Message
Quizzes Created
-
Created Quiz Play Count
-
More By This Creator
Popular Quizzes Today
1
Find the US States - No Outlines Minefield
2
Find the Countries of Europe - No Outlines Minefield
3
The Countries of the World
4
Find the US States
5
Risky Map Clicking: Biggest States A-Z
6
US States
7
Popular People in 1961
8
Movies - When Are They Set?
More Sports Quizzes
All about... Phoenix Suns
Quiz Lab
Trending Quizzes
Risky Map Clicking: Least Populous States A-Z
Billboard Blitz: Aretha Franklin
Famous Russians: Author or Composer?
Countries of the World: 200 Million BC
1-10 Letter G Words
Recently Updated
Leaping Animals
pecheneg
Reality TV Shows (A-Z)
bhenderson79
Rickey Henderson's Hall of Fame Teammates
pecheneg
Champions League XIs: Arsenal
pecheneg
Quick Pick: Celebrities in WWE's Hall of Fame
aduchscher
A-Z Keypad Blitz II
pecheneg
Multiple Oscar Actors
pecheneg
Mystery Phrase Blitz: Oscar 'Best Actors'
pecheneg
F. Scott Fitzgerald Novels
LTH
Pick 3 Villains
ddd62291
Trending Topics
Kpop
Anime
Marvel
Disney
Harry Potter
Crossword
NBA
Country
Song
The Office
Pokémon
Puzzle
Soccer
WWE
NFL
Your Account Isn't Verified!
In order to create a playlist on Sporcle, you need to verify the email address you used during registration. Go to your
Sporcle Settings
to finish the process.
Report this User
Report this user for behavior that violates our
Community Guidelines
.
Details:
Send Report
Go to the Sporcle.com Mobile Site →
Comments